000
00216nam a2200085Ia 4500
999
_c
10118
_d
10118
100
_a
Chaudhry, Sher Muhammad
245
0
_a
Introduction to Statistical Theory
260
_a
Pakistan
_b
Kitab Ghar
_c
1996
942
_c
STATISTICS